| 000 | 00783nam a22002177a 4500 | ||
|---|---|---|---|
| 999 |
_c15306 _d15306 |
||
| 003 | AR-CdUCM | ||
| 008 | 190426b ||||| |||| 00| 0 spa d | ||
| 020 | _a978-607-618-636-7 | ||
| 040 |
_aMUNICIPALIDAD PROVINCIAL DEL CUSCO _cBIBLIOTECA MUNICIPAL DEL CUSCO |
||
| 082 |
_aPI / 376.1 / _bP51 |
||
| 110 |
_aMattel _934352 |
||
| 245 |
_aBarbie : _b¡ Mi fabulosa profesión ! |
||
| 260 |
_aMéxico : _bSilver Dolphin _c2015. |
||
| 300 |
_a3 libros ; _bIlustraciones, _c18 cm. |
||
| 440 |
_aMi pequeña biblioteca _932773 |
||
| 505 | _aContenido : V.1: ¡Puedo ser estrella de rock! -- V.2: ¡Puedo ser veterinaria del zoológico! -- V.3: ¡Puedo ser porrista ! / | ||
| 650 |
_aTexto infantil _929090 |
||
| 650 |
_aCuentos _9217 |
||
| 942 |
_2ddc _cLIBROS |
||
| 945 |
_arjall _d2019-04-26 |
||